000
00263nam a22001097a 4500
008
160511b xxu||||| |||| 00| 0 eng d
020
_a
0072315695
041
_a
eng
080
_a
316.77
245
_a
The art of public speaking:
_c
Stephen E. Lucas;
942
_2
udc
_c
BK
999
_c
2029
_d
2029